Ensayos sobre historia del pensamiento económico /
Guardado en:
| Autor Principal: | |
|---|---|
| Otros Autores: | , , , |
| Formato: | Libro |
| Publicado: |
México :
Universidad Michoacana de San Nicolás de Hidalgo,
2009
|
| Series: | Transformaciones Jurídicas y Sociales en el Siglo Xxi, 3ra. serie, 4
|
| Materias: | |
| Etiquetas: |
Agregar Etiqueta
Sin Etiquetas, Sea el primero en etiquetar este registro!
|
| LEADER | 01006nam a22002775a 4500 | ||
|---|---|---|---|
| 001 | CEM.cems013930 | ||
| 008 | 130507s2009##################000#0#####d | ||
| 005 | 20210705091734.0 | ||
| 003 | CEMS | ||
| 245 | 1 | 0 | |a Ensayos sobre historia del pensamiento económico / |c María Teresa Vizcaíno López y Otros |
| 260 | |a México : |b Universidad Michoacana de San Nicolás de Hidalgo, |c 2009 | ||
| 300 | |a 165 p. | ||
| 490 | 0 | |a Transformaciones Jurídicas y Sociales en el Siglo Xxi, 3ra. serie, 4 | |
| 590 | |a 1069.013 | ||
| 020 | |a 9780557218301 | ||
| 100 | 1 | |a Vizcaíno López, María Teresa | |
| 700 | 1 | |a Cunha Lopes, Teresa María Geraldes Da | |
| 700 | 1 | |a Vizcaíno López, Miroslava | |
| 700 | 1 | |a Guzmán Abrego, Miguel Maximiliano | |
| 700 | 1 | |a Medina Romero, Miguel Angel | |
| 653 | |a Economía | ||
| 653 | |a Pensamiento económico | ||
| 653 | |a Historia del pensamiento económico | ||
| 653 | |a Economía en la antiguedad | ||
| 653 | |a Biblioteca TC | ||
| 859 | |a CEMS |b BIB. CEMS - 11 de abril |h TC |p 1069.013 |t Ej.1 | ||
